Normal view
MARC view
- Kopacz, Rafal.
Entry Personal Name
001 - CONTROL NUMBER
- control field: 51946
003 - CONTROL NUMBER IDENTIFIER
- control field: OSt
005 - DATE AND TIME OF LATEST TRANSACTION
- control field: 20240208132852.0
008 - FIXED-LENGTH DATA ELEMENTS
- fixed length control field: 240208|| aca||aabn | a|a d
040 ## - CATALOGING SOURCE
- Original cataloging agency: OSt
- Transcribing agency: OSt
100 ## - HEADING--PERSONAL NAME
- Personal name: Kopacz, Rafal.
- Relator term: author.
670 ## - SOURCE DATA FOUND
- Source citation: Work cat.: (OSt): Kopacz, Rafal. author., Medium voltage flying capacitor DC-DC converter with high-frequency TCM -Q2L control /, April 2022.
